| 000 | 00000nam 2200000zi 4500 |
| 001 | 9.892763 |
| 003 | CaOODSP |
| 005 | 20221107173248 |
| 006 | m o d f |
| 007 | cr |n||||||||| |
| 008 | 201022t19911991oncb ob f000 0 fre d |
| 020 | |z1550021281|z9781550021288 |
| 022 | |z1188-2751 |
| 040 | |aCaOODSP|bfre|erda|cCaOODSP |
| 043 | |an-cn---|au-nz--- |
| 086 | |aZ1-1989/2-41-9F-PDF|zZ1-1989/2-41-9F |
| 245 | 04|aLes peuples autochtones et la réforme électorale au Canada / |csous la direction de Robert A. Milen. |
| 264 | 1|aToronto (Canada) : |bDundurn Press Limited ; |aMontréal (Québec) : |bWilson & Lafleur Limitée ; |a[Ottawa] : |bCommission royale sur la réforme électorale et le financement des partis : |bGroupe communication Canada — Édition, approvisionnements et services Canada, |c1991. |
| 264 | 4|c©1991 |
| 300 | |a1 ressource en ligne (1 volume (pagination multiple)) : |bcartes. |
| 336 | |atexte|btxt|2rdacontent/fre |
| 337 | |ainformatique|bc|2rdamedia/fre |
| 338 | |aressource en ligne|bcr|2rdacarrier/fre |
| 490 | 1 |aCollection d'études ; |vvol. 9 |
| 500 | |aÉdition numérisée de l’imprimé [par le Bureau du Conseil privé]. |
| 500 | |aPublié aussi en anglais sous le titre : Aboriginal peoples and electoral reform in Canada. |
| 504 | |aComprend des références bibliographiques. |
| 505 | 0 |aAvant-Propos -- Introduction -- Préface -- Les Autochtones et la réforme constitutionnelle et électorale / Robert A. Milen -- Les circonscriptions autochtones au Canada — Les leçons de la Nouvelle-Zélande / Augie Fleras -- Les peuples autochtones et la couverture médiatique des campagnes électorales dans le Nord / Valerie Alia -- La réforme électorale et la population autochtone du Canada — Évaluation des circonscriptions autochtones / Roger Gibbins. |
| 520 | |a« Les études réunies dans le présent volume traitent précisément des carences du système électoral du Canada quant à la juste représentation des Autochtones ainsi que des améliorations à apporter, le cas échéant, pour tenir compte de cette communauté d'intérêts. Les quatre études du volume examinent les principales questions liées à la représentation électorale des Autochtones et passent en revue les efforts déployés pour accroître leur participation aux élections fédérales » -- Préface. |
| 530 | |aÉgalement publié en version imprimée. |
| 650 | 6|aAutochtones|zCanada|xPolitique et gouvernement. |
| 650 | 6|aAutochtones|zNouvelle-Zélande|xPolitique et gouvernement. |
| 650 | 6|aAutochtones|xDroits|zCanada. |
| 650 | 6|aCirconscriptions électorales|zCanada. |
| 700 | 1 |aMilen, Robert A. |q(Robert Alexander), |d1948- |eéditeur. |
| 710 | 1 |aCanada.|bCommission royale sur la réforme électorale et le financement des partis, |eorganisme de publication. |
| 775 | 08|tAboriginal peoples and electoral reform in Canada / |w(CaOODSP)9.892742 |
| 776 | 0#|tLes peuples autochtones et la réforme électorale au Canada / |w(CaOODSP)9.622012 |
| 830 | #0|aCollection d'études (Canada. Commission royale sur la réforme électorale et le financement des partis)|vvol. 9|w(CaOODSP)9.873360 |
| 856 | 40|qPDF|s97.98 Mo|uhttps://publications.gc.ca/collections/collection_2020/bcp-pco/Z1-1989-2-41/Z1-1989-2-41-9-fra.pdf |